[Event "ICS Rated blitz match"]
[Site "204.178.125.65"]
[Date "2001.09.14"]
[Round "?"]
[White "PostModernist"]
[Black "Hossa"]
[Result "1-0"]
[WhiteElo "2665"]
[BlackElo "2613"]
[PlyCount "131"]
[EventDate "2001.??.??"]

1. d4 Nf6 2. c4 e6 3. Nf3 c5 4. d5 d6 5. Nc3 Be7 6. e4 O-O 7. Bd3 Na6 8. O-O
Kh8 9. a3 Nc7 10. b4 b6 11. bxc5 bxc5 12. Rb1 Ba6 13. Qe2 Nd7 14. Re1 Bf6 15.
Bb2 Rb8 16. dxe6 fxe6 17. a4 Ne5 18. Nxe5 Bxe5 19. Nb5 Bxb2 20. Rxb2 Bxb5 21.
axb5 Qh4 22. Ra2 Rb7 23. Rea1 Ra8 24. Qf3 Kg8 25. g3 Qg5 26. e5 d5 27. Qe2 g6
28. f4 Qe7 29. Qg2 Qf7 30. Be2 Ne8 31. Rc2 Nc7 32. cxd5 Nxd5 33. Rxc5 Rab8 34.
Qh3 Ne3 35. Rac1 Rf8 36. Rc6 Re7 37. Bg4 Rfe8 38. R6c5 Qf8 39. Be2 Rd8 40. Rc7
Rde8 41. R7c6 Qg7 42. Bd3 g5 43. Qh5 gxf4 44. Rc8 Qf7 45. Rxe8+ Qxe8 46. Bxh7+
Kg7 47. Qxe8 Rxe8 48. Rc7+ Kf8 49. gxf4 Re7 50. Rxe7 Kxe7 51. Kf2 Ng4+ 52. Kg3
Nh6 53. h4 Kf7 54. h5 Kg7 55. Bc2 Nf7 56. Bb3 Nd8 57. f5 exf5 58. Kf4 Kh6 59.
Kxf5 Nb7 60. Bd5 Nc5 61. e6 Kxh5 62. e7 Nd3 63. e8=Q+ Kh4 64. Qe4+ Nf4 65. Kxf4
Kh3 66. Qh1# {Hossa checkmated} 1-0

[Event "ICS rated blitz match"]
[Site "204.178.125.65"]
[Date "2001.09.14"]
[Round "?"]
[White "Hossa"]
[Black "vladya"]
[Result "1-0"]
[WhiteElo "2599"]
[BlackElo "2432"]
[PlyCount "106"]
[EventDate "2001.??.??"]

1. e4 e6 2. d4 d5 3. Nc3 Nf6 4. exd5 exd5 5. Bg5 c6 6. Bd3 Bd6 7. Qe2+ Be6 8.
Bf5 O-O 9. Bxe6 fxe6 10. Qxe6+ Kh8 11. Nge2 Qc7 12. O-O-O Nbd7 13. Qh3 Ne4 14.
Nxe4 dxe4 15. Rhf1 Nb6 16. Kb1 Nc4 17. Qe6 b5 18. Qxe4 Qa5 19. Nc1 h6 20. Qh4
Qb4 21. Nd3 Na3+ 22. Kc1 Qc4 23. bxa3 Bxa3+ 24. Kb1 Kg8 25. Be7 Bxe7 26. Qxe7
Rae8 27. Qb4 Qd5 28. Qb3 a5 29. Rde1 Rd8 30. Nc5 a4 31. Qxd5+ Rxd5 32. Re4 b4
33. f3 a3 34. Ne6 Rf6 35. Rfe1 Rd6 36. Nc5 Kh7 37. Nd3 Rg6 38. g3 Rgf6 39. f4
g5 40. Nxb4 gxf4 41. gxf4 Rg6 42. Re7+ Kg8 43. Rc7 Rd8 44. Nxc6 Rb8+ 45. Nxb8
Rb6+ 46. Kc1 Rxb8 47. Rg1+ Kf8 48. Rg6 Rb4 49. Rxh6 Kg8 50. Rg6+ Kf8 51. Rf6+
Kg8 52. Ra6 Rb8 53. Rg6+ Kh8 {vladya resigns} 1-0

[Event "ICS rated blitz match"]
[Site "204.178.125.65"]
[Date "2001.09.14"]
[Round "?"]
[White "vladya"]
[Black "Hossa"]
[Result "1/2-1/2"]
[WhiteElo "2404"]
[BlackElo "2602"]
[PlyCount "150"]
[EventDate "2001.??.??"]

1. d4 Nf6 2. c4 e6 3. Nf3 d5 4. g3 dxc4 5. Bg2 Nc6 6. Qa4 Bb4+ 7. Bd2 Bd6 8.
Qxc4 O-O 9. Nc3 Bd7 10. e4 e5 11. d5 Nb4 12. O-O Qe7 13. a3 Na6 14. b4 Rfd8 15.
Rac1 Nb8 16. Ne1 a5 17. Nd3 c6 18. Nc5 b5 19. Qe2 Bxc5 20. bxc5 Qxc5 21. Na4
Qxa3 22. Nb6 Ra6 23. Nxd7 Nfxd7 24. dxc6 Nxc6 25. Qxb5 Ndb8 26. Ra1 Qd3 27.
Qxd3 Rxd3 28. Rfd1 Nd4 29. Bf1 Rxd2 30. Rxd2 Ra8 31. Rda2 Nbc6 32. Bc4 Kf8 33.
Bd5 Ke7 34. Rc1 Ra6 35. Kg2 g6 36. h4 f5 37. Rb2 Nb4 38. Rc7+ Kd6 39. Rxh7 Nxd5
40. exd5 Kxd5 41. Rh6 Re6 42. Rb8 Nc6 43. Ra8 Kd6 44. Kf3 Kd5 45. Ke3 Rd6 46.
h5 gxh5 47. Rxh5 Rf6 48. f4 Rg6 49. Kf2 Ke4 50. Rh4 Re6 51. Ra6 Kd4 52. fxe5+
Kxe5 53. Ra8 Kd5 54. Rf4 Re5 55. Rf8 Ke6 56. Re8+ Kd5 57. Rxe5+ Kxe5 58. Ra4
Kf6 59. Ke3 Ke6 60. Kf4 Kf6 61. Ra1 Ke6 62. Re1+ Kf6 63. Re8 Nd4 64. Rf8+ Ke6
65. Ra8 Nc6 66. Ra6 Kd6 67. Kxf5 Kc7 68. g4 Kb7 69. Rxa5 Nxa5 70. g5 Kc7 71. g6
Kd7 72. g7 Nc6 73. Kf6 Ne7 74. Kf7 Kd8 75. g8=Q+ Nxg8 {
Game drawn because neither player has mating material} 1/2-1/2

[Event "ICS Rated blitz match"]
[Site "204.178.125.65"]
[Date "2001.09.14"]
[Round "?"]
[White "Hossa"]
[Black "lupica"]
[Result "1-0"]
[WhiteElo "2599"]
[BlackElo "2259"]
[PlyCount "51"]
[EventDate "2001.??.??"]

1. e4 d6 2. d4 Nf6 3. Nd2 e5 4. c3 Be7 5. Ngf3 Nbd7 6. Bd3 O-O 7. O-O Re8 8. b3
b6 9. Qc2 a5 10. Nc4 Bf8 11. dxe5 Nxe5 12. Ncxe5 dxe5 13. Bc4 Ba6 14. Rd1 Qc8
15. Bxa6 Qxa6 16. Bg5 Bd6 17. Bxf6 gxf6 18. Nh4 Rad8 19. Rd3 Bf8 20. Rg3+ Kh8
21. Nf5 Rd7 22. Rd1 Red8 23. Rxd7 Rxd7 24. a4 b5 25. Qe2 c6 26. Qg4 {
lupica resigns} 1-0

[Event "ICS Rated blitz match"]
[Site "204.178.125.65"]
[Date "2001.09.14"]
[Round "?"]
[White "lupica"]
[Black "Hossa"]
[Result "1/2-1/2"]
[WhiteElo "2255"]
[BlackElo "2603"]
[PlyCount "64"]
[EventDate "2001.??.??"]

1. d4 Nf6 2. Nf3 e6 3. e3 b6 4. Bd3 Bb7 5. O-O d5 6. Ne5 Bd6 7. f4 c5 8. c3
Nbd7 9. Nd2 c4 10. Bc2 b5 11. Qf3 Qc7 12. Nxd7 Qxd7 13. e4 dxe4 14. Nxe4 Nxe4
15. Bxe4 Bxe4 16. Qxe4 O-O 17. Bd2 g6 18. Rae1 Rab8 19. a3 Qb7 20. Qe2 a5 21.
g4 Qc6 22. f5 exf5 23. gxf5 Rbe8 24. Qg2 Qxg2+ 25. Kxg2 Rxe1 26. Bxe1 Re8 27.
Bg3 Bxg3 28. hxg3 Re3 29. fxg6 hxg6 30. Rf3 Re1 31. Rf1 Re3 32. Rf3 Re1 {
Game drawn by mutual agreement} 1/2-1/2

[Event "ICS Rated blitz match"]
[Site "204.178.125.65"]
[Date "2001.09.14"]
[Round "?"]
[White "Hossa"]
[Black "lupica"]
[Result "1-0"]
[WhiteElo "2591"]
[BlackElo "2267"]
[PlyCount "69"]
[EventDate "2001.??.??"]

1. e4 e5 2. Nf3 Nc6 3. Bb5 a6 4. Bxc6 dxc6 5. O-O f6 6. d4 exd4 7. Qxd4 Qxd4 8.
Nxd4 c5 9. Ne2 Be6 10. Rd1 Bd6 11. Bf4 O-O-O 12. Bxd6 Rxd6 13. Nbc3 Ne7 14. Nf4
Bf7 15. Rxd6 cxd6 16. Rd1 Kc7 17. f3 g5 18. Nfd5+ Nxd5 19. Nxd5+ Bxd5 20. Rxd5
Re8 21. Rf5 Re6 22. Kf2 Kd7 23. Kg3 Ke7 24. h4 h6 25. Rd5 Re5 26. Rxe5+ dxe5
27. Kg4 Kf7 28. hxg5 hxg5 29. a4 b5 30. axb5 axb5 31. Kf5 Ke7 32. Kg6 Ke6 33.
g4 Ke7 34. Kg7 Ke6 35. Kf8 {lupica resigns} 1-0

[Event "ICS Rated blitz match"]
[Site "204.178.125.65"]
[Date "2001.09.14"]
[Round "?"]
[White "lupica"]
[Black "Hossa"]
[Result "0-1"]
[WhiteElo "2263"]
[BlackElo "2595"]
[PlyCount "86"]
[EventDate "2001.??.??"]

1. d4 Nf6 2. Nf3 e6 3. e3 b6 4. Bd3 Bb7 5. O-O d5 6. Ne5 Bd6 7. f4 c5 8. c3
Nbd7 9. Nd2 c4 10. Bc2 b5 11. Qf3 Rb8 12. Nxd7 Qxd7 13. e4 dxe4 14. Nxe4 Nxe4
15. Bxe4 b4 16. Bd2 bxc3 17. Bxc3 O-O 18. Rae1 Bxe4 19. Qxe4 Rb5 20. g4 Qc7 21.
Re2 Rbb8 22. f5 Rfe8 23. f6 g6 24. h4 Rb5 25. Rf3 Rd8 26. h5 g5 27. h6 Qb6 28.
Kg2 Bf4 29. Rxf4 gxf4 30. Qxf4 Qd6 31. Kg3 Rg5 32. Re5 Rxe5 33. Qxe5 Qxe5+ 34.
dxe5 Rd3+ 35. Kf4 Rd1 36. g5 Rf1+ 37. Kg4 Ra1 38. a3 Rg1+ 39. Kf4 Rg2 40. Bd4
a6 41. Bc3 Kf8 42. Bd4 Ke8 43. Bc3 Kd7 {lupica resigns} 0-1

[Event "ICS rated bullet match"]
[Site "204.178.125.65"]
[Date "2001.09.14"]
[Round "?"]
[White "Hossa"]
[Black "Tinker"]
[Result "0-1"]
[WhiteElo "2376"]
[BlackElo "2363"]
[PlyCount "80"]
[EventDate "2001.??.??"]

1. e4 c5 2. Nf3 d6 3. d4 cxd4 4. Nxd4 Nf6 5. Nc3 a6 6. Bg5 e5 7. Nf3 Bg4 8.
Bxf6 Qxf6 9. Be2 Nd7 10. O-O Qd8 11. Nd5 Nb6 12. Qd2 Nxd5 13. Qxd5 Qc7 14. c4
Be7 15. Nd4 Bxe2 16. Nxe2 Rc8 17. b3 Qc6 18. Qd3 b5 19. Rac1 O-O 20. Nc3 Bg5
21. Nd5 Qc5 22. Rc2 h6 23. Rd1 bxc4 24. Rxc4 Qa7 25. a3 Rxc4 26. Qxc4 a5 27. b4
axb4 28. axb4 Bh4 29. Qe2 f5 30. g3 Bg5 31. h4 Bd8 32. Qc4 Kh8 33. Ne3 f4 34.
gxf4 Rxf4 35. Rxd6 Bxh4 36. Qc8+ Kh7 37. Ng4 h5 38. Nxe5 Qxf2+ 39. Kh1 Qf1+ 40.
Kh2 Rf2# {Hossa checkmated} 0-1

[Event "ICS rated bullet match"]
[Site "204.178.125.65"]
[Date "2001.09.14"]
[Round "?"]
[White "Tinker"]
[Black "Hossa"]
[Result "0-1"]
[WhiteElo "2380"]
[BlackElo "2359"]
[PlyCount "128"]
[EventDate "2001.??.??"]

1. e4 c5 2. Nf3 d6 3. d4 cxd4 4. Nxd4 Nf6 5. Nc3 a6 6. Bg5 e6 7. f4 Qb6 8. Nb3
Be7 9. Qf3 Qc7 10. O-O-O O-O 11. Qd3 Rd8 12. Qg3 b5 13. Bh6 Ne8 14. Nd4 b4 15.
Nce2 Bb7 16. e5 dxe5 17. fxe5 Qa5 18. Kb1 Nc6 19. Rd2 Nxe5 20. Nb3 Qc7 21. Ned4
Bd6 22. Bg5 Nf3 23. Bxd8 Nxd2+ 24. Nxd2 Rxd8 25. Qe1 Bc5 26. N4f3 a5 27. Bb5
Rc8 28. Qe2 Nf6 29. Nc4 Ng4 30. Nfd2 Nf2 31. Rf1 Qxh2 32. Nxa5 Bxg2 33. Rxf2
Qh1+ 34. Rf1 Bxf1 35. Nxf1 Qd5 36. Qd2 Qxd2 37. Nxd2 Rb8 38. Bc4 h5 39. Ne4 Be3
40. Be2 h4 41. Nc4 Bd4 42. Bf1 f6 43. Ncd6 Rd8 44. Bc4 Be5 45. Bxe6+ Kf8 46. c4
Bxd6 47. Nxd6 Rxd6 48. Bf5 Rd4 49. c5 Rd1+ 50. Kc2 Rd5 51. Bh3 Rxc5+ 52. Kb3
Rb5 53. Kc4 Rb6 54. Bf5 Kf7 55. Kc5 Rb8 56. b3 g6 57. Bh3 Kg7 58. Kc4 Kh6 59.
Bg2 Kg5 60. Bf1 Rb6 61. Kd5 Rb7 62. Kc4 Kf4 63. Bh3 Kg3 64. Be6 h3 {
Tinker resigns} 0-1

[Event "ICS rated bullet match"]
[Site "204.178.125.65"]
[Date "2001.09.14"]
[Round "?"]
[White "Hossa"]
[Black "Tinker"]
[Result "1-0"]
[WhiteElo "2376"]
[BlackElo "2363"]
[PlyCount "119"]
[EventDate "2001.??.??"]

1. d4 Nf6 2. c4 e6 3. Nf3 b6 4. a3 Bb7 5. Nc3 d5 6. cxd5 Nxd5 7. e3 Be7 8. Bb5+
c6 9. Bd3 Nxc3 10. bxc3 O-O 11. O-O c5 12. e4 cxd4 13. cxd4 Nc6 14. Bb2 a6 15.
Rc1 Kh8 16. Qd2 Rc8 17. Qe2 b5 18. Rc2 Qd6 19. Qd2 Rfd8 20. Rfc1 b4 21. axb4
Nxb4 22. Rxc8 Rxc8 23. Rxc8+ Bxc8 24. Ne5 Kg8 25. Be2 Nc6 26. Nc4 Qd8 27. d5
exd5 28. exd5 Bb4 29. Qe3 Ne7 30. Qg5 Qf8 31. Qe5 Ng6 32. Qc7 Bf5 33. d6 Nf4
34. Bf3 Qc8 35. Ne3 Be6 36. Bb7 Qe8 37. Bc6 Qf8 38. d7 Bxd7 39. Qxd7 Bc3 40.
Bxc3 Ne2+ 41. Kf1 Nxc3 42. Qd3 Qb4 43. Qd8+ Qf8 44. Qa5 Nb5 45. Bxb5 axb5 46.
Qxb5 Qc8 47. Ke2 h6 48. Qe5 Qa6+ 49. Kf3 Qf6+ 50. Qxf6 gxf6 51. Kg4 Kg7 52. Kh5
Kh7 53. f4 Kg7 54. Nf5+ Kh7 55. g4 Kg8 56. Kxh6 Kh8 57. Ne7 f5 58. Nxf5 Kg8 59.
h4 Kf8 60. Kh7 {Tinker resigns} 1-0

[Event "ICS rated bullet match"]
[Site "204.178.125.65"]
[Date "2001.09.14"]
[Round "?"]
[White "Tinker"]
[Black "Hossa"]
[Result "1/2-1/2"]
[WhiteElo "2348"]
[BlackElo "2391"]
[PlyCount "78"]
[EventDate "2001.??.??"]

1. e4 e5 2. Nf3 Nc6 3. Bb5 a6 4. Ba4 Nf6 5. d4 exd4 6. O-O Be7 7. Re1 b5 8. e5
Nxe5 9. Rxe5 d6 10. Re1 bxa4 11. Nxd4 Bd7 12. Qf3 O-O 13. Nc6 Bxc6 14. Qxc6 Re8
15. Nc3 Ng4 16. h3 Ne5 17. Qxa4 Bf6 18. Be3 d5 19. Rad1 c6 20. Bc1 Qd7 21. Ne4
Be7 22. Qd4 Qc7 23. Ng3 Nc4 24. Bf4 Qc8 25. Nh5 f6 26. Re2 Bd6 27. Rde1 Rxe2
28. Rxe2 Be5 29. Bxe5 fxe5 30. Qh4 Qc7 31. b3 Na3 32. Qg3 Qf7 33. Rxe5 g6 34.
c3 Rf8 35. Rg5 Qe7 36. Re5 Qf7 37. Rg5 Qe7 38. Re5 Qf7 39. Rg5 Qe7 {
Game drawn by repetition} 1/2-1/2

[Event "ICS Rated blitz match"]
[Site "204.178.125.65"]
[Date "2001.09.14"]
[Round "?"]
[White "monsoon"]
[Black "Hossa"]
[Result "1/2-1/2"]
[WhiteElo "2613"]
[BlackElo "2607"]
[PlyCount "188"]
[EventDate "2001.??.??"]

1. e4 c5 2. Nf3 Nc6 3. d4 cxd4 4. Nxd4 Qc7 5. Nc3 e6 6. Be2 a6 7. O-O Nf6 8.
Kh1 Be7 9. f4 Nxd4 10. Qxd4 Bc5 11. Qe5 d6 12. Nd5 Qd8 13. Nxf6+ Qxf6 14. Qxf6
gxf6 15. Bd2 Bd7 16. b4 Bb6 17. a4 Bc6 18. a5 Ba7 19. Bf3 Rc8 20. c3 h5 21. f5
Ke7 22. Rfd1 exf5 23. exf5 Bxf3 24. gxf3 Rhg8 25. Bf4 Rxc3 26. Bxd6+ Ke8 27.
Rd5 Be3 28. Bc5 Bxc5 29. bxc5 Rg5 30. Rad1 Kf8 31. h4 Rg3 32. Rb1 Rgxf3 33.
Rxb7 Rf1+ 34. Kg2 Ra1 35. Rd2 Rxa5 36. c6 Rxc6 37. Rd3 Rc4 38. Rb8+ Kg7 39.
Rg3+ Rg4 40. Rxg4+ hxg4 41. Kg3 Rxf5 42. Kxg4 Ra5 43. Ra8 Ra4+ 44. Kh5 a5 45.
Ra7 Ra2 46. Ra8 Re2 47. Kg4 Re4+ 48. Kh5 Re5+ 49. Kg4 Rd5 50. h5 Rg5+ 51. Kh4
a4 52. Ra6 a3 53. Ra8 a2 54. Rxa2 Kh6 55. Ra6 Rxh5+ 56. Kg4 Kg6 57. Rd6 Rc5 58.
Kf4 Rc4+ 59. Ke3 Ra4 60. Rc6 Kg5 61. Rc7 Ra3+ 62. Kd2 Kg6 63. Rc6 Rh3 64. Rb6
Rf3 65. Rc6 Rb3 66. Rd6 Kf5 67. Ra6 Ke5 68. Ra7 Ke6 69. Ra6+ Kf5 70. Ra7 Kg6
71. Ra6 Kg5 72. Ra7 Rb8 73. Ke3 Rf8 74. Kf3 Kg6 75. Ra6 Rh8 76. Kg4 Rg8 77. Kf4
Rb8 78. Ke3 Rb4 79. Ke2 Kf5 80. Ke3 Re4+ 81. Kf3 Rd4 82. Ke3 Rd8 83. Ra4 Re8+
84. Kf3 Rh8 85. Rf4+ Ke5 86. Re4+ Kd5 87. Re7 Rf8 88. Kf4 Kd6 89. Ra7 Ke6 90.
Ra6+ Ke7 91. Ra7+ Ke6 92. Ra6+ Ke7 93. Ra7+ Ke6 94. Ra6+ Ke7 {
Game drawn by repetition} 1/2-1/2

[Event "ICS rated blitz match"]
[Site "204.178.125.65"]
[Date "2001.09.14"]
[Round "?"]
[White "Hossa"]
[Black "monsoon"]
[Result "1-0"]
[WhiteElo "2607"]
[BlackElo "2613"]
[PlyCount "177"]
[EventDate "2001.??.??"]

1. d4 Nf6 2. c4 c5 3. d5 b5 4. cxb5 a6 5. bxa6 Bxa6 6. Nc3 g6 7. e4 Bxf1 8.
Kxf1 d6 9. Be3 Qb6 10. Rb1 Bg7 11. b4 Qa6+ 12. b5 Qa3 13. Nge2 Nbd7 14. b6 Rb8
15. b7 Ng4 16. Bc1 Qa6 17. Qa4 Qxa4 18. Nxa4 O-O 19. Bf4 f5 20. exf5 Rxf5 21.
f3 Ngf6 22. Nac3 Nxd5 23. Nxd5 Rxd5 24. Kf2 Rd3 25. Bc1 Bf6 26. Re1 e5 27. Rb5
Bh4+ 28. g3 Bf6 29. a4 Rf8 30. Be3 Nb8 31. a5 Ra3 32. Bc1 Ra2 33. Rd1 e4 34.
Bf4 exf3 35. Kxf3 Be5 36. h4 h6 37. Ke3 Re8 38. Nc1 Ra3+ 39. Kf2 Bxf4 40. gxf4
Ra1 41. Rb6 d5 42. Rxg6+ Kh7 43. Rgg1 Rd8 44. Nb3 Ra2+ 45. Rd2 Rxd2+ 46. Nxd2
Rf8 47. Ke3 Re8+ 48. Kf3 c4 49. Ra1 Na6 50. Nf1 d4 51. f5 c3 52. Ng3 Re3+ 53.
Kf2 Re5 54. Rb1 Rxa5 55. b8=R Nxb8 56. Rb7+ Kg8 57. Rxb8+ Kf7 58. Rc8 Ra4 59.
Rc7+ Ke8 60. Rc6 Kd7 61. Rc5 Ke7 62. Kf3 Kd6 63. Ne4+ Ke7 64. Rc7+ Kd8 65. Rc6
h5 66. Nf6 Ra2 67. Ke4 Rd2 68. Nxh5 Kd7 69. Rc4 c2 70. Nf4 Ke7 71. Nd5+ Kf8 72.
Rc8+ Kg7 73. Rc7+ Kf8 74. h5 Rh2 75. Nf4 Ke8 76. f6 Rh4 77. Rxc2 d3 78. Rc8+
Kf7 79. Kf5 Rxf4+ 80. Kxf4 d2 81. Rd8 d1=Q 82. Rxd1 Kxf6 83. h6 Kg6 84. Rh1 Kf7
85. h7 Ke8 86. Rh6 Kd7 87. h8=Q Kc7 88. Qg7+ Kb8 89. Rh8# {monsoon checkmated}
1-0

[Event "ICS Rated blitz match"]
[Site "204.178.125.65"]
[Date "2001.09.14"]
[Round "?"]
[White "monsoon"]
[Black "Hossa"]
[Result "1-0"]
[WhiteElo "2597"]
[BlackElo "2623"]
[PlyCount "155"]
[EventDate "2001.??.??"]

1. e4 e5 2. Nf3 Nc6 3. Bb5 a6 4. Ba4 Nf6 5. O-O Nxe4 6. d4 b5 7. Bb3 d5 8. dxe5
Be6 9. Nbd2 Nc5 10. c3 d4 11. Bxe6 Nxe6 12. cxd4 Ncxd4 13. Ne4 Be7 14. Be3 Nf5
15. Qc2 O-O 16. Nf6+ Bxf6 17. Qxf5 Be7 18. Rad1 Qc8 19. Nd2 f6 20. Nf3 fxe5 21.
Qe4 Bf6 22. Nxe5 Bxe5 23. Qxe5 Qe8 24. f4 Rc8 25. f5 Nd8 26. Qg3 Qe7 27. Rc1
Nb7 28. Bd4 Qd7 29. Rcd1 Qf7 30. f6 g6 31. a4 bxa4 32. Qa3 c5 33. Bc3 Qc4 34.
g3 Rf7 35. Rf4 Qe6 36. Qxa4 Rcf8 37. Re4 Qb6 38. Re7 c4+ 39. Kh1 Nd6 40. Qd7
Qb7+ 41. Qxb7 Nxb7 42. Rdd7 Nd8 43. Rc7 h6 44. Rxc4 a5 45. Rg4 g5 46. h4 Nc6
47. Rxf7 Kxf7 48. hxg5 hxg5 49. Rxg5 Ke6 50. g4 a4 51. Rc5 Kd6 52. Rc4 Ra8 53.
g5 Kd5 54. Rf4 Nd8 55. g6 Ke6 56. f7 Nxf7 57. gxf7 Rf8 58. Bg7 Rxf7 59. Rxf7
Kxf7 60. Bc3 Kg8 61. Kg2 Kh7 62. Kf3 Kg8 63. Ke4 Kf7 64. Kd5 Ke7 65. Kc6 Kd8
66. Kb5 a3 67. b4 Ke8 68. Kc6 Kf8 69. b5 a2 70. b6 Ke7 71. b7 Ke6 72. b8=Q Kf5
73. Qg3 Ke4 74. Ba1 Kf5 75. Qh4 Kg6 76. Qg4+ Kf7 77. Kd7 Kf8 78. Qg7# {
Hossa checkmated} 1-0

[Event "ICS rated bullet match"]
[Site "204.178.125.65"]
[Date "2001.09.14"]
[Round "?"]
[White "Tinker"]
[Black "Hossa"]
[Result "0-1"]
[WhiteElo "2354"]
[BlackElo "2389"]
[PlyCount "102"]
[EventDate "2001.??.??"]

1. e4 c5 2. Nf3 d6 3. d4 cxd4 4. Nxd4 Nf6 5. Nc3 a6 6. Be2 e5 7. Nb3 Be7 8. O-O
O-O 9. Be3 Be6 10. Qd2 Nbd7 11. a4 Rc8 12. a5 Qc7 13. Rfd1 Nc5 14. Nxc5 dxc5
15. Nd5 Nxd5 16. exd5 Rfd8 17. c4 Bf5 18. b4 Rd7 19. bxc5 Bxc5 20. Qc3 f6 21.
Bxc5 Qxc5 22. Qf3 Bc2 23. Rd2 Bg6 24. Qa3 Rdd8 25. d6 Be4 26. Qxc5 Rxc5 27. Bg4
Kf7 28. Rc1 Bc6 29. Kf1 Rxa5 30. Be2 Rc5 31. Rc3 Ke6 32. Rh3 Rxd6 33. Rxd6+
Kxd6 34. f3 h6 35. Rg3 e4 36. Rxg7 e3 37. Rg6 Rh5 38. Bd3 Ke5 39. Ke2 Kd4 40.
Rg4+ Kc3 41. h4 Re5 42. Rg6 h5 43. Rxf6 a5 44. Rf5 Rxf5 45. Bxf5 a4 46. c5 a3
47. Be6 Bb5+ 48. Kxe3 Bc4 49. Bxc4 Kxc4 50. g4 a2 51. gxh5 Kxc5 {Tinker resigns
} 0-1

[Event "ICS rated bullet match"]
[Site "204.178.125.65"]
[Date "2001.09.14"]
[Round "?"]
[White "Hossa"]
[Black "Tinker"]
[Result "1/2-1/2"]
[WhiteElo "2403"]
[BlackElo "2340"]
[PlyCount "205"]
[EventDate "2001.??.??"]

1. e4 c5 2. Nf3 d6 3. d4 cxd4 4. Nxd4 Nf6 5. Nc3 a6 6. Be3 e5 7. Nb3 Be6 8. Qd2
Nbd7 9. f3 Be7 10. g4 h6 11. O-O-O Bxb3 12. cxb3 Qc7 13. Kb1 Rc8 14. Rc1 Qa5
15. Bd3 Nc5 16. Bxc5 dxc5 17. g5 hxg5 18. Qxg5 Nxe4 19. Qxg7 Bf6 20. Qg4 Nxc3+
21. bxc3 Rd8 22. Qf5 Rd6 23. Be4 Qc7 24. h4 Qd7 25. Qxd7+ Rxd7 26. h5 Bg5 27.
Bf5 Bxc1 28. Bxd7+ Kxd7 29. Kxc1 Rh6 30. Kd2 f5 31. Ke3 Ke7 32. b4 cxb4 33.
cxb4 Kf6 34. Kd3 b5 35. Ke3 Kg5 36. Rg1+ Kxh5 37. f4 exf4+ 38. Kxf4 Rf6 39. Rg8
Kh6 40. Rg5 Rd6 41. Rxf5 Rd4+ 42. Ke5 Rxb4 43. Rf6+ Kg5 44. Rxa6 Ra4 45. Rb6
Rxa2 46. Kd4 b4 47. Rb5+ Kh6 48. Kc4 b3 49. Rb6+ Kh7 50. Rb7+ Kh8 51. Rb8+ Kh7
52. Kb4 b2 53. Rb7+ Kh8 54. Kc3 Kg8 55. Rb8+ Kh7 56. Kc2 Kg7 57. Rb7+ Kh8 58.
Kb1 Ra3 59. Rb8+ Kh7 60. Rc8 Kg7 61. Rc7+ Kh8 62. Rd7 Kg8 63. Rd8+ Kh7 64. Re8
Kg7 65. Re7+ Kh8 66. Rf7 Kg8 67. Rf6 Kh8 68. Rh6+ Kg8 69. Rg6+ Kh8 70. Rg5 Kh7
71. Rh5+ Kg8 72. Rh4 Kf8 73. Rf4+ Kg8 74. Rg4+ Kh8 75. Rh4+ Kg8 76. Rh2 Kf8 77.
Rf2+ Kg8 78. Rg2+ Kh8 79. Rh2+ Kg8 80. Re2 Kh8 81. Rd2 Kg8 82. Rc2 Kh8 83. Rc4
Kg8 84. Rd4 Kh8 85. Re4 Kg8 86. Rb4 Kh8 87. Rb5 Kg8 88. Rc5 Kh8 89. Rd5 Kg8 90.
Re5 Kh8 91. Rf5 Kg8 92. Kc2 Kh8 93. Rh5+ Kg8 94. Rg5+ Kh8 95. Rg4 Kh7 96. Rh4+
Kg8 97. Rh2 Kf8 98. Rf2+ Kg8 99. Rg2+ Kh8 100. Rh2+ Kg8 101. Rh1 Kf8 102. Rf1+
Kg8 103. Kxb2 {Game drawn by the 50 move rule} 1/2-1/2

[Event "ICS rated blitz match"]
[Site "204.178.125.65"]
[Date "2001.09.14"]
[Round "?"]
[White "Hossa"]
[Black "Ecwlapio"]
[Result "1-0"]
[WhiteElo "2606"]
[BlackElo "2114"]
[PlyCount "73"]
[EventDate "2001.??.??"]

1. d4 Nf6 2. c4 e6 3. Nf3 b6 4. Bf4 Bb7 5. e3 d5 6. Nbd2 Nbd7 7. cxd5 Nxd5 8.
Bg3 c5 9. Bb5 a6 10. Bxd7+ Qxd7 11. Ne5 Qb5 12. Qf3 f6 13. Qh5+ g6 14. Nxg6
hxg6 15. Qxh8 Qxb2 16. Rb1 Qc2 17. Bd6 O-O-O 18. Bxf8 Nc3 19. O-O Nxb1 20. Nxb1
Qe4 21. f3 Qxe3+ 22. Kh1 cxd4 23. Qxf6 d3 24. Bb4 Qd4 25. Qxe6+ Kb8 26. Bc3 Qd5
27. Qxb6 Ka8 28. Qxg6 Qxa2 29. Nd2 Rc8 30. Qxd3 Qa3 31. Nb1 Qb3 32. Qe3 Qb5 33.
Nd2 Rd8 34. Rb1 Qc6 35. Qe5 Rc8 36. Bd4 a5 37. Qxa5+ {Ecwlapio resigns} 1-0

[Event "ICS rated blitz match"]
[Site "204.178.125.65"]
[Date "2001.09.14"]
[Round "?"]
[White "ROPIE"]
[Black "Hossa"]
[Result "0-1"]
[WhiteElo "2211"]
[BlackElo "2608"]
[PlyCount "70"]
[EventDate "2001.??.??"]

1. d4 Nf6 2. Bg5 d5 3. Bxf6 exf6 4. e3 c6 5. Nf3 Qb6 6. Qc1 Bd6 7. Nbd2 O-O 8.
Bd3 Qc7 9. O-O Bg4 10. h3 Be6 11. c4 Nd7 12. c5 Be7 13. b4 Rfe8 14. a4 g6 15.
Qc2 f5 16. b5 Nf6 17. Rfb1 Ne4 18. Ne5 f6 19. Nef3 Qd7 20. Rb2 Reb8 21. Rab1
Qc7 22. Nh2 Nxf2 23. Kxf2 Qxh2 24. bxc6 bxc6 25. Ba6 Rxb2 26. Rxb2 f4 27. e4
Bxh3 28. Bf1 f5 29. e5 Bh4+ 30. Ke2 Bg4+ 31. Kd3 Qg3+ 32. Nf3 Bxf3 33. gxf3
Qxf3+ 34. Kd2 Qe3+ 35. Kd1 Qe1# {ROPIE checkmated} 0-1

[Event "ICS rated standard match"]
[Site "204.178.125.65"]
[Date "2001.09.14"]
[Round "?"]
[White "Tinker"]
[Black "Hossa"]
[Result "0-1"]
[WhiteElo "2237"]
[BlackElo "2223"]
[PlyCount "98"]
[EventDate "2001.??.??"]

1. e4 e5 2. Nf3 Nc6 3. Bb5 a6 4. Ba4 Nf6 5. d4 exd4 6. e5 Ne4 7. Nxd4 Bc5 8.
Bxc6 dxc6 9. Be3 O-O 10. O-O Qe8 11. Qh5 g6 12. Qh4 Qxe5 13. c3 Be7 14. Qf4
Qxf4 15. Bxf4 Bd6 16. Bh6 Re8 17. Re1 Bd7 18. Nd2 Nxd2 19. Bxd2 Rxe1+ 20. Rxe1
Re8 21. Nb3 Rxe1+ 22. Bxe1 Be6 23. Na5 b6 24. Nxc6 Bxa2 25. Bd2 Kg7 26. Nb8 Bc4
27. Nc6 Bd5 28. Nb4 Bb3 29. Nd3 Bc4 30. Nc1 a5 31. Be3 c5 32. f4 Kf6 33. Kf2
Kf5 34. g3 Kg4 35. Kg2 Bd5+ 36. Kg1 Kf3 37. Bf2 f6 38. Kf1 h6 39. Kg1 h5 40.
Nd3 Ke2 41. Ne1 Kd2 42. h3 a4 43. g4 hxg4 44. hxg4 Bxf4 45. Ng2 Bxg2 46. Kxg2
Kc1 47. Kf3 g5 48. Ke4 Kxb2 49. Kd5 a3 {Tinker resigns} 0-1

[Event "ICS rated blitz match"]
[Site "204.178.125.65"]
[Date "2001.09.14"]
[Round "?"]
[White "Hossa"]
[Black "Clemente"]
[Result "0-1"]
[WhiteElo "2611"]
[BlackElo "2532"]
[PlyCount "78"]
[EventDate "2001.??.??"]

1. d4 d5 2. c4 c6 3. Nc3 e6 4. e3 Nf6 5. Nf3 Nbd7 6. Bd3 Bd6 7. O-O O-O 8. e4
dxc4 9. Bxc4 e5 10. Bg5 Qe7 11. d5 Nb6 12. Bd3 h6 13. Bxf6 Qxf6 14. Qc2 Bd7 15.
Rfd1 Rac8 16. dxc6 Rxc6 17. Qe2 Bg4 18. Bb5 Rc7 19. Nd5 Nxd5 20. Rxd5 Bc5 21.
Rd3 Rfc8 22. Qd2 Be7 23. b3 Rc2 24. Qd1 Qb6 25. Qf1 Qxb5 26. h3 Bxf3 27. Rd8+
Bxd8 28. Qxb5 Bxe4 29. Qa4 f5 30. Qd7 Bb6 31. Rf1 Rd8 32. Qe7 Bxf2+ 33. Kh2 Rd3
34. Qxe5 Bc5 35. Rf2 Rxf2 36. Qxe4 fxe4 37. b4 Bd6+ 38. Kg1 Rxa2 39. g3 Rd1# {
Hossa checkmated} 0-1

[Event "ICS rated blitz match"]
[Site "204.178.125.65"]
[Date "2001.09.14"]
[Round "?"]
[White "Hossa"]
[Black "RivalChess"]
[Result "1-0"]
[WhiteElo "2591"]
[BlackElo "2199"]
[PlyCount "77"]
[EventDate "2001.??.??"]

1. d4 d5 2. c4 dxc4 3. e3 b5 4. a4 e5 5. Qf3 c6 6. axb5 Bb4+ 7. Bd2 Bxd2+ 8.
Nxd2 exd4 9. Bxc4 Be6 10. bxc6 dxe3 11. fxe3 Qc7 12. Bxe6 fxe6 13. Qg4 e5 14.
Qe6+ Kf8 15. Ngf3 Nxc6 16. O-O Nf6 17. Rac1 Re8 18. Rxc6 Qb7 19. Qd6+ Kg8 20.
Nxe5 Rxe5 21. Rc7 Qxc7 22. Qxc7 Rxe3 23. Rxf6 gxf6 24. Qb8+ Kf7 25. Qxh8 Kg6
26. Qg8+ Kh6 27. Qf7 Re1+ 28. Kf2 Re6 29. Qxe6 Kg6 30. Qg8+ Kf5 31. Qxh7+ Ke6
32. Qe4+ Kf7 33. Qf5 a6 34. Ne4 Ke8 35. b4 Ke7 36. Qxf6+ Kd7 37. Nc5+ Kc8 38.
Qc6+ Kd8 39. Qd7# {RivalChess checkmated} 1-0